5HLuxD.jpg

KING HENRY VIII SENIOR AND PRIMARY SCHOOL LIBRARY OPAC

THE MAGIC MELODY (Record no. 4632)

000 -LEADER
fixed length control field 00203nam a22000977a 4500
008 - FIXED-LENGTH DATA ELEMENTS--GENERAL INFORMATION
fixed length control field 250306b ||||| |||| 00| 0 eng d
020 ## - INTERNATIONAL STANDARD BOOK NUMBER
International Standard Book Number 0520
100 ## - MAIN ENTRY--PERSONAL NAME
Personal name DISNEY
245 ## - TITLE STATEMENT
Title THE MAGIC MELODY
942 ## - ADDED ENTRY ELEMENTS (KOHA)
Source of classification or shelving scheme
Holdings
Withdrawn status Lost status Source of classification or shelving scheme Damaged status Not for loan Collection code Permanent Location Current Location Shelving location Date acquired Total Checkouts Full call number Barcode Date last seen Date last checked out Price effective from Koha item type Public note
          Fiction KH8 Primary School Library KH8 Primary School Library Fiction 2025-03-06 8 FIC DIS KHPL000006447 2026-04-17 2026-04-10 2025-03-06 Books - Fiction KH8 PRIMARY LIBRARY

Powered By KH8 IT Dept